000 00828nam a2200253 i 4500
001 10340
003 ES-MaACL
005 20250804062554.0
007 t|
008 950509s1994 sp ||||1| spa d
020 _a84-206-0666-9
080 _a9(46)
100 1 _aGarcía de Cortázar, Fernando.
_954413
245 1 0 _aBreve historia de España /
_cFernando García de Cortázar ; José Manuel González Vesga.
250 _a[1a ed., reimp.].
260 _aMadrid :
_bAlianza,
_c1994.
300 _a740 p. :
_bmap. ;
_c18 cm.
490 1 _aEl libro de bolsillo. Sección humanidades
651 4 _aEspaña-
_xHistoria.
_98209
700 1 _aGonzález Vesga, José Manuel.
_959016
830 0 3 _aEl libro de bolsillo.
_pHumanidades
_9178672
852 _aES-MaACL
_jL-17730
_bR.122916
999 _c10340
_d10340